01020nas a2200265 4500001001300000003000900013005001700022007000300039008003400042040005400076041000900130072000800139100001600147100002000163245017500183650001100358650001400369650001400383650000900397773011400406909004000520942001800560999001900578952015700597BR2013006727BR-BrBNA20231205122827.0ta230509b bl.|||p| |||| 00| 00por d aBR-BrBNAbporcBiblioteca Nacional de Agricultura a(En) aL601 aDumas, L.L.1 aNessimian, J.L.1 aDescription of two new species of Marilia Müller (Trichoptera, Odontoceridae)from southeastern Brazil, including the description of the female of Marilia major Müller aINSETO aTAXONOMIA aESPÉCIE aMATA0 tRevista Brasileira de Entomologia (Brazil)xISSN 0085-5626g(Jul-Sep 2009), v. 53(3) p. 344-348wBR2013006727 a202311bLúciac55dLúcia Elande 2AGRISn0cANA c230793d230793 002AGRIS4071a41918b41918cPeriódicos Agrícolash(Jul-Sep 2009), v. 53(3) p. 344-348l0r2023-11-29t01yCRePortaria Interministerial nº 164/94